From Max Weber : essays in sociology

Αποθηκεύτηκε σε:
Λεπτομέρειες βιβλιογραφικής εγγραφής
Άλλοι συγγραφείς: Gerth, Hans Heirich 1908- (Επιμελητής έκδοσης), Mills, C. Wright (Charles Wright) 1916-1962 (Επιμελητής έκδοσης)
Μορφή: Βιβλίο
Γλώσσα:English
Δημοσίευση: London : Routledge and Kegan Paul, 1985
Σειρά:International library of sociology and social reconstruction (Routledge & Kegan Paul)
Θέματα:
Ετικέτες: Προσθήκη ετικέτας
Δεν υπάρχουν, Καταχωρήστε ετικέτα πρώτοι!

MARC

LEADER 00000nam a2200000 i 4500
001 1/5251
008 960524s1985 eng d
020 |a 0-7100-6894-8 
035 |l 10015939 
040 |a GR-MY-UA  |b gre  |e aacr 
041 0 |a eng 
245 1 0 |a From Max Weber :  |b essays in sociology /  |c translated, edited and with an introduction by H. H. Gerth and C. Wright Mills 
260 |a London :   |b Routledge and Kegan Paul,   |c 1985 
300 |a 490 p. 
490 1 |a International library of sociology and social reconstruction (Routledge & Kegan Paul) 
504 |a Includes index 
600 1 0 |a Weber, Max,   |d 1864-1920. 
650 0 0 |a Sociology. 
700 1 |a Gerth, Hans Heirich  |d 1908-  |4 edt 
700 1 |a Mills, C. Wright  |q (Charles Wright)  |d 1916-1962.  |4 edt 
830 0 |a International library of sociology and social reconstruction (Routledge & Kegan Paul) 
852 |a INST  |b LESVOS  |e 19960524  |h 301.01 FRO  |p 005100010123  |q 005100010123  |t BK  |y 0 
909 |a Λ  |b 015192